|
|
|
|
| LEADER |
01276nam a2200313 a 4500 |
| 001 |
31359 |
| 003 |
BD-DhAAL |
| 005 |
20161004170200.0 |
| 008 |
161004s1992 ilua bs 001 0 eng |
| 010 |
|
|
|a 91015590
|
| 020 |
|
|
|a 0226644782 (pbk. : alk. paper)
|
| 020 |
|
|
|a 0226644774 (cloth : alk. paper)
|
| 040 |
|
|
|a DLC
|c DLC
|d DLC
|d BD-DhAAL
|
| 050 |
0 |
0 |
|a HN90.P8
|b P34 1991
|
| 082 |
0 |
0 |
|a 303.380973
|2 20
|
| 100 |
1 |
|
|a Page, Benjamin I.
|9 20560
|
| 245 |
1 |
4 |
|a The rational public :
|b fifty years of trends in Americans' policy preferences /
|c Benjamin I. Page and Robert Y. Shapiro.
|
| 260 |
|
|
|a Chicago :
|b University of Chicago Press,
|c 1992.
|
| 300 |
|
|
|a xvi, 489 p. :
|b ill. ;
|c 24 cm.
|
| 490 |
0 |
|
|a American politics and political economy series
|
| 504 |
|
|
|a Includes bibliographical references (p. 441-466) and index.
|
| 526 |
|
|
|a BIGD
|
| 541 |
|
|
|e 31359
|
| 650 |
|
0 |
|a Public opinion
|z United States
|x History
|y 20th century.
|9 20561
|
| 700 |
1 |
|
|a Shapiro, Robert Y.,
|d 1953-
|9 20562
|
| 830 |
|
0 |
|a American politics and political economy.
|9 20563
|
| 942 |
|
|
|2 ddc
|c BK
|
| 999 |
|
|
|c 37820
|d 37820
|
| 952 |
|
|
|0 0
|1 0
|2 ddc
|4 0
|6 303_380973000000000_PAG
|7 0
|9 59655
|a IGS
|b IGS
|c GEN
|d 2016-09-25
|e Trim Education
|g 2733.00
|l 0
|o 303.380973 PAG
|p 3010031359
|r 2016-10-01
|t 1
|v 2733.00
|w 2016-09-25
|y BK
|